Normal view MARC view
  • POLLUTION GEOGRAPHIC PHYSICS ACC NO-

Entry Topical Term

Number of records used in: 1

001 - CONTROL NUMBER

  • control field: 74004

003 - CONTROL NUMBER IDENTIFIER

  • control field: NUST

005 - DATE AND TIME OF LATEST TRANSACTION

  • control field: 20210628205120.0

008 - FIXED-LENGTH DATA ELEMENTS

  • fixed length control field: 210628|| aca||aabn | a|a d

040 ## - CATALOGING SOURCE

  • Original cataloging agency: NUST
  • Transcribing agency: NUST

150 ## - HEADING--TOPICAL TERM

  • Topical term or geographic name entry element: POLLUTION GEOGRAPHIC PHYSICS ACC NO-

670 ## - SOURCE DATA FOUND

  • Source citation: Work cat.: (NUST): Turk, Jonathon Turk, Amos 74003, Physical science with environmental and other practical applications, 1977
© 2023 Central Library, National University of Sciences and Technology. All Rights Reserved.